Guía de laboratorio de fisica general

Guardado en:
Bibliografiske detaljer
Hovedforfatter: Coen París, Elliott, 1921-1997
Format: Bog
Sprog:Spanish
Udgivet: San Pedro de Montes de Oca, C.R. : Universidad de Costa Rica, Facultad de Ciencias y Letras, Departamento de Fisica y Matematicas, 1970.
Fag:
Tags: Tilføj Tag
Ingen Tags, Vær først til at tagge denne postø!

MARC

LEADER 00000nam a2200000Ia 4500
003 002889
005 20221231144001.0
008 140114s1970 cr a 000 ||spa d
040 |c cru CEDI 
082 |a  530.72 C672g 
100 |a Coen París, Elliott, 1921-1997  |9 21033 
245 |a Guía de laboratorio de fisica general  
260 |a San Pedro de Montes de Oca, C.R. : Universidad de Costa Rica, Facultad de Ciencias y Letras, Departamento de Fisica y Matematicas,   |c 1970. 
300 |a  115 páginas : ilustraciones ; 27 cm 
650 |x FISICA - TEORIAS  |9 19823 
942 |2 ddc  |c BK 
999 |c 15182  |d 15182